000 00578nam a22001937a 4500
003 OSt
005 20140310182022.0
008 130801t xxu||||| |||| 00| 0 eng d
020 _a0870654349
050 _aLB 1574.5
_b.R241 1986
082 _aTRE 372.44
_bR19 1986
100 _aRauch, Sidney J.
_92634
245 _aWorld of vocabulary. Book 4 /
_cSidney J. Rauch
260 _aNew York :
_bGlobe Book Company,
_cc1984 (1986 prntng.)
300 _a124 p. :
_bill. ;
_c28 cm.
650 _aVocabulary
_xStudy and teaching.
_97154
942 _2lcc
_cBK-TR
999 _c8382
_d8382